000
00292cam a2200133ua 4500
041
_a
eng
_h
100
_a
Mansha , Ram .
245
_a
Papaya Cultivation in India
260
_a
:
_b
Director of exetension ,
_c
1998.
300
_a
; .
504
_a
942
_c
BK
999
_c
13003
_d
13003